| 000 | 00461nam a2200181Ia 4500 | ||
|---|---|---|---|
| 008 | 180207s9999 xx 000 0 und d | ||
| 020 | _a394800192 | ||
| 050 | _bL629 1961 | ||
| 100 | _aLeSieg, Theo. | ||
| 245 | _aTen apples up on top! / | ||
| 245 | _cTheo LeSieg ; illustrated by Roy McKie. | ||
| 260 | _aCanada : | ||
| 260 | _bRandom House, Inc., | ||
| 260 | _c1961 | ||
| 300 | _a64 pages : | ||
| 300 | _bcolor illustration ; | ||
| 440 | _aDr. Seuss. | ||
| 999 |
_c355215 _d355215 |
||